| 000 | 01285nam a22002777a 4500 | ||
|---|---|---|---|
| 003 | OSt | ||
| 005 | 20250323204736.0 | ||
| 008 | 250307b ||||| |||| 00| 0 eng d | ||
| 040 |
_bEnglish. _cCvSU-CCAT Campus Library. _erda. |
||
| 050 |
_aUM HF 5381 _bB35 2010 |
||
| 100 |
_aBalano, Celestina O., author. _914806 |
||
| 245 |
_aThe employability of the graduates of Bachelor and Science in Hotel and Restaurant Management (BSHRM) of the Cavite State University Rosario Campus, S.Y. 2002-2003 to 2006-2007 _cCelestina O. Balano and Avegail A. Reyes. |
||
| 260 |
_aRosario, Cavite : _bCavite State University-CCAT Campus, _c2010 |
||
| 300 |
_aix, 29 leaves : _billustrations ; _c28 cm |
||
| 500 | _aUndergraduate Thesis (BSIE Major in Girls Trade) -- Cavite State University-CCAT Campus, 2010. | ||
| 504 | _aIncludes bibliographical references and appendices. | ||
| 546 | _aIn English text | ||
| 650 |
_aEmployability. _99503 |
||
| 650 |
_aBSHRM graduates -- Employability. _915395 |
||
| 650 |
_aGraduate employment. _915370 |
||
| 650 |
_aBSHRM Graduates -- Career outcomes. _915396 |
||
| 700 |
_aReyes, Avegail A., author. _914807 |
||
| 700 |
_aBerbie, Lucila C., adviser. _98788 |
||
| 942 |
_2lcc _cT/M/D _kUM _hHF 5381 B35 2010 |
||
| 999 |
_c3936 _d3936 |
||